Estadísticas para Jugadores NBA con mas puntos anotados

Haz click aquí para intentar la prueba.

Estadísticas generales

  • Esta prueba ha sido intentada 580 veces
  • La puntuación promedio es 9 de 15

Estadísticas de respuestas

PuntosJugador% Correcto
34241LeBron James
100%
32292Michael Jordan
95%
33643Kobe Bryant
94%
38387Kareem Abdul-Jabbar
91%
28596Shaquille O'Neal
77%
36928Karl Malone
75%
31419Wilt Chamberlain
74%
27409Moses Malone
70%
31560Dirk Nowitzki
63%
26496Tim Duncan
62%
26946Hakeem Olajuwon
48%
26446Carmelo Anthony
44%
26710Oscar Robertson
29%
26668Dominique Wilkins
15%
27313Elvin Hayes
13%

Distribución de puntuación

Porcentaje por número respondido

Porcentaje de gente con cada puntuación

Historial de tus puntuaciones

No has intentado esta prueba.